000 00605naa a2200205 a 4500
001 80397
003 BD-RjUL
005 20220920095650.0
008 220920s1994 ii ||||| |||| 00| 0 ur d
035 _a(BD-RjUL)80397
040 _aBD-RjUL
_beng
_cBD-RjUL
041 _aurd
082 _223
_a020
_bABT 1994
100 _aعابدي, رضا علي +++ Abidi, Raza Ali
_94905
245 1 0 _aكتب خانه ++ Kutub Khana /
_cرضا علي عابدي ** Raza Ali Abidi
260 _aAligarh :
_bEducational book House ,
_c1994
300 _a168 p. ;
_c23 cm
650 _aLibrary
_9366
942 _2ddc
_cBK
999 _c80397
_d80397